| 000 | 00550nam a2200145Ia 4500 | ||
|---|---|---|---|
| 008 | 140724s9999 xx 000 0 und d | ||
| 050 |
_aHF 5549 _b.M553 2013 |
||
| 100 | _aMercado, Mabelle U. | ||
| 245 |
_aFactors affecting the motivation of basic education teachers of Southville International School and Colleges / _cMabelle U. Mercado. |
||
| 260 |
_aLas PiƱas, Philippines : _bSouthville International School and Colleges, _cc2013. |
||
| 300 |
_a81 p. : _bill. ; _c28 cm. |
||
| 521 | _aHuman Resource Management | ||
| 942 | _cTH | ||
| 999 |
_c229354 _d229354 |
||